Encyclopedia of Total Quality Management: Total Quality in Marketing (Record no. 590145)
[ view plain ]
| 000 -LEADER | |
|---|---|
| fixed length control field | 00451nam a22001577a 4500 |
| 020 ## - INTERNATIONAL STANDARD BOOK NUMBER | |
| International Standard Book Number | 8175140127 |
| 040 ## - CATALOGING SOURCE | |
| Transcribing agency | NUST |
| 082 ## - DEWEY DECIMAL CLASSIFICATION NUMBER | |
| Classification number | 658.562 ENC |
| 100 ## - MAIN ENTRY--PERSONAL NAME | |
| Personal name | Johnson, William C |
| 9 (RLIN) | 92044 |
| 110 ## - MAIN ENTRY--CORPORATE NAME | |
| Corporate name or jurisdiction name as entry element | Chvala, Richard J |
| 9 (RLIN) | 92045 |
| 245 ## - TITLE STATEMENT | |
| Title | Encyclopedia of Total Quality Management: Total Quality in Marketing |
| 260 ## - PUBLICATION, DISTRIBUTION, ETC. | |
| Place of publication, distribution, etc. | NEW DELHI: |
| Name of publisher, distributor, etc. | St. Lucie Press, |
| Date of publication, distribution, etc. | 1998. |
| 300 ## - PHYSICAL DESCRIPTION | |
| Extent | VOL-3 |
| 650 ## - SUBJECT ADDED ENTRY--TOPICAL TERM | |
| Topical term or geographic name entry element | Total Quality in Marketing |
| 9 (RLIN) | 92048 |
| 942 ## - ADDED ENTRY ELEMENTS (KOHA) | |
| Source of classification or shelving scheme | |
| Koha item type | Reference |
| Withdrawn status | Lost status | Source of classification or shelving scheme | Damaged status | Not for loan | Permanent Location | Current Location | Shelving location | Date acquired | Full call number | Barcode | Date last seen | Price effective from | Koha item type |
|---|---|---|---|---|---|---|---|---|---|---|---|---|---|
| College of Electrical & Mechanical Engineering (CEME) | College of Electrical & Mechanical Engineering (CEME) | Reference | 06/08/2022 | 658.562 ENC | CEME-31062 | 06/08/2022 | 06/08/2022 | Reference |
